Score 0/54 Timer 15:00
1 Play Today
% Correct
(none), Seychelles
100%
Alexandria, Egypt
82.7%
Casablanca, Morocco
81.7%
Johannesburg, South Africa
80.9%
Lagos, Nigeria
76.4%
Dar es Salaam, Tanzania
55%
Benghazi, Libya
52%
Mombasa, Kenya
44.8%
Abidjan, Côte d'Ivoire
43.4%
Oran, Algeria
37.4%
Douala, Cameroon
31.4%
Sfax, Tunisia
29.5%
Omdurman, Sudan
28.5%
Lubumbashi, DRC
26.3%
Cotonou, Benin
20.9%
Kumasi, Ghana
20.4%
Gabú, Guinea-Bissau
20.2%
Bulawayo, Zimbabwe
20%
Rundu, Namibia
18%
Blantyre, Malawi
17.4%
Kenema, Sierra Leone
16.4%
Adama, Ethiopia
16.4%
Hargeisa, Somalia
16.3%
Huambo, Angola
14.3%
Pointe-Noire, Rep. Congo
14.1%
Matola, Mozambique
13.6%
Zinder, Niger
13.1%
% Correct
Francistown, Botswana
12.8%
Bujumbura, Burundi
12.6%
Toamasina, Madagascar
12.3%
Port-Gentil, Gabon
12%
Bata, Eq. Guinea
11.8%
Kitwe, Zambia
10.2%
Sikasso, Mali
10.1%
Wau, South Sudan
9.6%
Bobo-Dioulasso, Burkina Faso
9.4%
Keren, Eritrea
9.2%
Bimbo, CAR
9.1%
Touba, Senegal
9.1%
Moundou, Chad
8.7%
Nouadhibou, Mauritania
8.6%
Mindelo, Cabo Verde
8.3%
Manzini, Swaziland
8.1%
Kara, Togo
7.6%
Gisenyi, Rwanda
7.1%
Gbarnga, Liberia
6.7%
Ali-Sabieh, Djibouti
6.5%
Nzérékoré, Guinea
6.3%
Trindade, ST&P
6.2%
Nansana, Uganda
5.9%
Kanifeng, The Gambia
5.9%
Vacoas-Phoenix, Mauritius
5.7%
Teyateyaneng, Lesotho
5.6%
Mutsamudu, Comoros
5.4%

You're not logged in!

Compare scores with friends on all Sporcle quizzes.
OR
Log In

Sporcle TV

Today on Sporcle TV


Watch our educational content, quiz creation guides, and fun videos on Sporcle TV.

Show Comments

Extras

Top Quizzes Today


Score Distribution

Paid Content

Your Account Isn't Verified!

In order to create a playlist on Sporcle, you need to verify the email address you used during registration. Go to your Sporcle Settings to finish the process.

Report this User

Report this user for behavior that violates our Community Guidelines.

Details: